000 00706nam 22002173 4500
001 199942
021 _aPT
_b160326/01
090 _a199942
100 _a20260115d u||y0pory50 ba
200 _aNotícia explicativa da folha 7-D : Macedo de Cavaleiros
_fEurico Pereira, António Ribeiro, Paulo Castro
210 _aLisboa
_cInstituto Geológico e Mineiro
_d2000
215 _a63 p.
_cbrochado
_d24 cm
225 _aCarta geológica de Portuga
606 _915715
_aCiências da terra. Ciências geológicas
675 _a55
_vPT
_zpor
700 _915766
_aPereira
_bEurico
701 _915768
_aRibeiro
_bAntónio
701 _915769
_aCastro
_bPaulo
801 _aPT
_bBMMN
_gRPC
830 _cVanda
990 _cLIVROS